00730nam a2200241 a 4500001001300000003000900013005001700022008004100039020001000080082001700090100002000107245005100127260004700178300000900225500003500234505001000269650002400279700002000303902000800323942000700331952013300338999001700471nice12345678IN_TiNIC20260116013400.0050524s1996 newa grp 000 0 eng  ac10000a297.124bBRO aBrown, Daniel W aRethinking Tradition in Modern Islamic Thought aNew YorkbCambridge University Pressc1996 a185p aincludes index and biblioraphy2 aNotes aHadith-Commentaries1 aBrown, Daniel W bSRS cBK 001040708StackRoom-aHMIbHMId2007-08-07g100.00l3m1o297.124 BROp017438r2020-02-06s2020-02-04v100.00w2005-05-24yBK c10787d10787